| 000 | 00895cam a2200313 a 4500 | ||
|---|---|---|---|
| 001 | 1000240 | ||
| 003 | BD-DhUL | ||
| 005 | 20161208161214.0 | ||
| 008 | 910729s1980 maua 001 0 eng | ||
| 010 | _a 60011560 /L/r74 | ||
| 020 | _a0674840305 (cloth) | ||
| 020 | _a0674840313 (paper) | ||
| 035 | _a(OCoLC)55066302 | ||
| 035 | _a(OCoLC)ocm55066302 | ||
| 035 | _a(NNC)1000240 | ||
| 040 |
_dCSt _dCLSL _dCLSL _dBD-DhUL _cBD-DhUL |
||
| 050 | 0 |
_aBF637.N4 _bS3 |
|
| 082 |
_a519.9 _bSCS |
||
| 090 |
_aBF637.N4 _bS3 1980 |
||
| 100 | 1 |
_aSchelling, Thomas C., _d1921- |
|
| 245 | 1 | 4 |
_aThe strategy of conflict / _cThomas C. Schelling. |
| 260 |
_aCambridge, Mass. : _bHarvard University, _cc1980. |
||
| 300 |
_avii, 309 p. : _bill. ; _c22 cm. |
||
| 500 | _aIncludes index. | ||
| 650 | 0 | _aNegotiation. | |
| 650 | 0 | _aGames of strategy (Mathematics) | |
| 900 | _aAUTH | ||
| 942 |
_2ddc _cBK |
||
| 999 |
_c133168 _d133168 |
||